| 000 | 00840nam a2200241 u 4500 | ||
|---|---|---|---|
| 005 | 20210223133252.0 | ||
| 008 | 170508s2009 r 000 0 eng d | ||
| 020 | _a9786077771036 (UAEM) | ||
| 020 | _a9786077588153 (Bonilla Artigas) | ||
| 035 | _aUPN01000217531 | ||
| 049 | _aCG | ||
| 050 | 4 |
_aZ246.5 M3.4 _bE4.2 2009 |
|
| 100 | 1 |
_aElizalde Valdés, Lydia Guadalupe _942292 |
|
| 245 | 1 | 0 |
_aDiseño en la revista de la Universidad de México / _cLydia Elizalde. |
| 250 | _a2a ed. | ||
| 260 |
_aMéxico : _bBonilla Artigas : _bUAEM, _c2009. |
||
| 300 |
_a261 p. : _bil. |
||
| 650 | 4 |
_aPUBLICACIONES PERIODICAS - _xDISEÑO _919119 |
|
| 650 | 4 |
_aDISEÑO GRAFICO (TIPOGRAFIA) - _zMEXICO - _xHISTORIA _927127 |
|
| 610 | 2 | 4 |
_aUNIVERSIDAD NACIONAL AUTONOMA DE MEXICO - _vPUBLICACIONES PERIODICAS _927128 |
| 905 | _aLibro | ||
| 999 |
_c189631 _d189631 |
||